La causalidad diabólica: ensayo sobre el origen de las persecuciones

Αποθηκεύτηκε σε:
Λεπτομέρειες βιβλιογραφικής εγγραφής
Κύριος συγγραφέας: Poliakov, León (Συγγραφέας)
Μορφή: Βιβλίο
Γλώσσα:Ισπανικά
Έκδοση: Barcelona Muchnick 1982
Θέματα:
Ετικέτες: Προσθήκη ετικέτας
Δεν υπάρχουν, Καταχωρήστε ετικέτα πρώτοι!

MARC

LEADER 00000nam a2200000 a 4500
001 UCW0059
003 CL-VaPUC
008 880517e19820000SP |||||||||||||||||spa|d
082 0 4 |a 272  |b POL  |2 21 
100 0 |a Poliakov, León  |e author  |9 304047 
245 1 3 |a La causalidad diabólica: ensayo sobre el origen de las persecuciones 
300 |a 206 p 
942 |c BK 
945 |d 19880517 00:00:00 
260 |a Barcelona  |b Muchnick  |c 1982 
650 0 |a Antisemitismo  |9 314513 
650 7 |a PERSECUCIONES RELIGIOSAS  |2 CL-VaPUC  |9 304048 
650 7 |a HISTORIA DEL ANTISEMITISMO  |2 CL-VaPUC  |9 269095 
650 7 |a PERSECUCIONES DE LOS JUDIOS  |2 CL-VaPUC  |9 304049 
583 |a last modification  |c 19880517 00:00:00  |k Rodrigo Vera 
999 |c 215306  |d 215304 
952 |0 0  |1 0  |4 0  |6 272_000000000000000_POL_1982  |7 0  |8 A  |9 199397  |a BIBART  |b BIBART  |d 2019-11-14  |i 2667029  |o 272 POL 1982  |p 2667029  |r 2025-03-13  |w 2019-11-14  |y BK  |k ART 
952 |0 0  |1 0  |4 0  |6 272_000000000000000_POL_1982  |7 0  |8 A  |9 199398  |a BIBHIS  |b BIBHIS  |d 2019-11-14  |i 2667037  |o 272 POL 1982  |p 2667037  |r 2025-01-20  |w 2019-11-14  |y BK  |k HIS